Фондовые биржи: вводный курс: учебно-методическое пособие

Podrobná bibliografie
Hlavní autor: Ключников И. К. Игорь Константинович
Další autoři: Молчанова О. А. Ольга Александровна, Ключников О. И. Олег Игоревич
Shrnutí:Раскрываются механизмы деятельности 100 фондовых бирж мира. Показаны биржевые операции и инструменты, информационные, торговые и расчетные системы. Рассматриваются основные фондовые рынки, биржевые циклы и индексы, биржевая культура, тенденции и направления развития бирж. Особое внимание уделяется истории бирж России. Для студентов, аспирантов и преподавателей, занимающихся проблемами кредита, банков, бирж и ценных бумаг, а также широкого круга читателей.
Jazyk:ruština
Vydáno: Москва, Финансы и статистика, 2009
Témata:
Médium: Kniha
KOHA link:https://koha.lib.tpu.ru/cgi-bin/koha/opac-detail.pl?biblionumber=169134

MARC

LEADER 00000n m0a2200000 4500
001 169134
005 20231101222814.0
010 |a 9785279033386 
010 |a 978-5-16-0037448 
035 |a (RuTPU)RU\TPU\book\183472 
090 |a 169134 
100 |a 20091106d2009 m y0rusy50 ca 
101 0 |a rus 
102 |a RU 
105 |a y j 001zy 
200 1 |a Фондовые биржи: вводный курс  |e учебно-методическое пособие  |f И. К. Ключников, О. А. Молчанова, О. И. Ключников 
210 |a Москва  |c Финансы и статистика  |c Инфра-М  |d 2009 
215 |a 200 с. 
320 |a Библиогр. в примеч. 
330 |a Раскрываются механизмы деятельности 100 фондовых бирж мира. Показаны биржевые операции и инструменты, информационные, торговые и расчетные системы. Рассматриваются основные фондовые рынки, биржевые циклы и индексы, биржевая культура, тенденции и направления развития бирж. Особое внимание уделяется истории бирж России. Для студентов, аспирантов и преподавателей, занимающихся проблемами кредита, банков, бирж и ценных бумаг, а также широкого круга читателей. 
606 1 |a Фондовые биржи  |2 stltpush  |3 (RuTPU)RU\TPU\subj\37243  |9 58340 
610 1 |a финансы 
610 1 |a финансовый рынок 
610 1 |a ссудный капитал 
610 1 |a фондовый рынок 
610 1 |a биржевое дело 
610 1 |a биржи 
610 1 |a материальные активы 
610 1 |a фондовые индексы 
610 1 |a биржевая культура 
610 1 |a спекуляция 
610 1 |a риски 
610 1 |a Америка 
610 1 |a США 
610 1 |a Канада 
610 1 |a Мексика 
610 1 |a Европа 
610 1 |a Азия 
610 1 |a Африка 
610 1 |a учебные пособия 
686 |a У9(2)262.293я73  |v LBC/SL-A  |2 rubbk 
700 1 |a Ключников  |b И. К.  |g Игорь Константинович 
701 1 |a Молчанова  |b О. А.  |g Ольга Александровна 
701 1 |a Ключников  |b О. И.  |g Олег Игоревич 
801 1 |a RU  |b 63413507  |c 20091106 
801 2 |a RU  |b 63413507  |c 20121206  |g RCR 
900 |a Правовое регулирование коммерческой и маркетинговой деятельности 
942 |c BK 
959 |a 113/20091103  |d 1  |e 165,00  |f ЧЗГЛ:1